|
|
|
|
| LEADER |
00000nam a2200000 4500 |
| 008 |
160129b2015 cr ||||| |||| 00| | spa d |
| 020 |
|
|
|a 9789930528075
|
| 090 |
|
|
|a 05.03.01
|b 2295
|
| 100 |
1 |
|
|9 1390
|a Chacón Mata, Fernanda
|
| 245 |
1 |
0 |
|a Índice de estado de derecho /
|c Fernanda Chacón; Pablo Sauma
|
| 260 |
|
|
|a San José, Costa Rica :
|b Universidad de Costa Rica, Observatorio del Desarrollo,
|c 2015
|
| 300 |
|
|
|a 37 páginas
|
| 490 |
|
|
|a Serie Indicadores Internacionales de Desarrollo,
|v 5
|
| 500 |
|
|
|a Proyecto de investigación "Indicadores internacionales de desarrollo: seguimiento e interpretación para Costa Rica"
|
| 650 |
1 |
4 |
|9 77
|a DESARROLLO HUMANO
|
| 650 |
1 |
4 |
|9 445
|a DESARROLLO ECONÓMICO Y SOCIAL
|
| 650 |
1 |
4 |
|9 265
|a INDICADORES DE DESARROLLO
|
| 700 |
1 |
|
|9 1389
|a Sauma, Pablo
|
| 942 |
|
|
|i 004101
|h 05.03.01 2295
|2 z
|c 01
|
| 999 |
|
|
|c 3063
|d 3063
|